000 00425pab a2200169 454500
008 180718b2004 xxu||||| |||| 00| 0 eng d
100 _aLouis, Prakash
245 _aEnsuring the dignity of minorities in India
260 _c2004
300 _ap.24-26.
362 _a17 Jan
650 _aHuman rights - India
650 _aMinority groups - India
650 _aMinority groups
773 _aMainstream
909 _a59246
999 _c59246
_d59246